Bilimin değeri / (Kayıt no. 10400)

MARC ayrıntıları
000 -BAŞLIK
Sabit Uzunluktaki Kontrol Alanı 00572 a2200205 4500
003 - KONTROL NUMARASI KİMLİĞİ
Kontrol Alanı KOHA
005 - EN SON İŞLEM TARİHİ ve ZAMANI
Kontrol Alanı 20260602105338.0
008 - SABİT UZUNLUKTAKİ VERİ ÖGELERİ - GENEL BİLGİ
Sabit Alan 260602b tu ||||| |||| 00| 0 tur d
040 ## - KATALOGLAMA KAYNAĞI
Özgün Kataloglama Kurumu TR-AnABB
Kataloglama Dili tur
Çeviri Kurumu TR-AnABB
041 ## - DİL KODU
Metin ya da ses kaydının dil kodu tur
082 ## - DEWEY ONU SINIFLAMA SİSTEMİ
Sınıflama Numarası 501.1
Cutter numarası POI 1949
100 1# - KİŞİ ADI
Yazar Adı (Kişi adı) Poincare, H.
245 10 - ESER ADI BİLDİRİMİ
Başlık Bilimin değeri /
Alt Eseradı vb. H. Poincare ; çeviren: Fethi Yücel
260 ## - YAYIN, DAĞITIM, VB.
Yayın Yeri Ankara :
Yayınevi MEB,
Yayın Tarihi 1949
300 ## - FİZİKSEL TANIMLAMA
Sayfa, Cilt vb. 268 sayfa ;
Boyutları 18 cm
490 0# - DİZİ BİLDİRİMİ
Dizi Bildirimi Fransız klasikleri ;
Cilt Numarası 168
650 04 - KONU BAŞLIĞI EK GİRİŞ - KONU TERİMİ
Konusal terim veya coğrafi ad Bilim felsefesi
900 ## - YEREL BİLGİ
Kontrol Can ÇELIK
942 ## - EK GİRİŞ ÖGELERİ (KOHA)
Sınıflama Kaynağı Dewey Decimal Classification
Materyal Türü Kitap
Mevcut
Geri Çekilme Durumu Kayıp Durumu Sınıflandırma Kaynağı Kredi için değil Kalıcı Konum Mevcut Konum Kayıt Tarih Toplam Ödünçverme Yer Numarası Demirbaş Numarası Son Görülme Tarihi Fatura Tarihi Materyal Türü
    Dewey Decimal Classification   Prof. Dr. Ruşen Keleş Kütüphanesi Prof. Dr. Ruşen Keleş Kütüphanesi 02/06/2026   501.1 POI 1949 RK7125 02/06/2026 02/06/2026 Kitap